| 000 | 00986nam a2200253 a 4500 | ||
|---|---|---|---|
| 001 | 81873 | ||
| 003 | BD-RjUL | ||
| 005 | 20230909162003.0 | ||
| 008 | 230909s2020 bg ||||| m||| 00| 0 eng d | ||
| 035 | _a(BD-RjUL)81873 | ||
| 040 |
_aBD-RjUL _beng _cBD-RjUL _dBD-RjUL |
||
| 041 | _aeng | ||
| 082 |
_223 _bNUD 2020 _a347.095492 |
||
| 100 |
_aNurul, Abantee _98852 |
||
| 245 | 1 | 0 |
_aDevelopment and Application of public Interest litigation (PIL) : _bBangladesh Perspective / _cBy Abantee Nurul ; _6Supervisor : Md. Hashibul Alam Prodhan, Co-Supervisor : Shahin Zohora |
| 260 |
_aRajshahi : _bDepartment of Law, University of Rajshahi, _c2020 |
||
| 300 |
_ax,150 Leaves ; _c29 cm. |
||
| 502 | _aThesis (M. Phil.) -- Department of Law, University of Rajshahi, 2020 | ||
| 504 | _abibliography : Leaves 135-150 | ||
| 650 |
_aLaw _vLitigation _zBangladesh _98856 |
||
| 700 |
_aProdhan, Md. Hashibul Alam, Supervisor _97819 |
||
| 700 |
_aZohora, Shahin, Co-Supervisor _98853 |
||
| 942 |
_2ddc _cTHE |
||
| 999 |
_c81873 _d81873 |
||